000 00964cam a2200241 4500
001 WB3727-12
008 000000n2001 000 0 eng u
035 _a(Sirsi) u113555
245 _aTenants often 'pay' for new housing schemes
260 _c2001
490 _aRegeneration and Renewal
_v6 July 2001, 2(1)
520 _aResearch commissioned by the Stepney Housing and Development Agency and the London Borough of Tower Hamlets has revealed increased household costs, such as rent and council tax, for tenants re-housed in East London, despite the vast improvement in quality of life. For a copy of the report contact the University of Brighton on (tel) 01273 643798
590 _aWB
650 _aHOUSING RENEWAL SCHEMES
650 _aURBAN RENEWAL
650 _aTENANTS
650 _aSRB SCHEME
650 _aREGISTERED SOCIAL LANDLORDS
650 _aHOUSEHOLD EXPENDITURE
650 _aCOUNCIL TAX BANDS
690 _aHOUSING
942 _n0
999 _c67647
_d67647